Loading...

Collected Works Of Sir R G Bhadarkar

Bibliographic Details
Main Author: Narayanan Bapuji Utgikar(Ed.)
Format: Printed Book
Published: Poona; Bhandarkar Oriental Research Institute; 1928
Edition:1st
Subjects:
LEADER 00536nam a22001457a 4500
082 |a 808  |b NAR/C F8 
100 |a Narayanan Bapuji Utgikar(Ed.)  |9 189130 
245 |a Collected Works Of Sir R G Bhadarkar  
250 |a 1st 
260 |a Poona;  |b Bhandarkar Oriental Research Institute;  |c 1928 
300 |a 724p. 
650 |a English; Oriental Studies  |9 319255 
942 |c BK 
999 |c 67268  |d 67268 
952 |0 0  |1 0  |4 0  |6 808_000000000000000_NAR_C_F8  |7 0  |8 Otherstudy  |9 80011  |a MAL  |b MAL  |d 2016-11-08  |e 932  |l 0  |o 808 NAR/C F8  |p MAL000932  |r 2016-11-08  |t 1  |w 2016-11-08  |y BK